US States with the most Burmese - Statistics

General Stats
  • This quiz has been taken 19 times
  • The average score is 8 of 12
Answer Stats
Hint Answer % Correct
21,853 Indiana
93%
12,459 New York
93%
9,384 Texas
93%
2,930 Florida
87%
3,075 Iowa
73%
3,500 Michigan
73%
2,703 Kentucky
60%
3,047 Kansas
53%
3,229 Oklahoma
53%
5,242 Wisconsin
53%
10,870 Minnesota
47%
4,357 Nebraska
40%
No matching quizzes found
Score Distribution
Percent of People with Each Score
Percentile by Number Answered
Your Score History
You have not taken this quiz